[Event "Welsh Chess Championships"]
[Site "Cardiff, Wales"]
[Date "2018.04.02"]
[Round "7.2"]
[White "Staniforth, Matthew"]
[Black "Jameson, David"]
[Result "1/2-1/2"]
[WhiteElo "1866"]
[BlackElo "2033"]
[PlyCount "68"]
[EventDate "2018.??.??"]
[TimeControl "6000+1865"]
[WhiteClock "0:07:29"]
[BlackClock "0:01:42"]

1. e4 e5 2. Nf3 Nc6 3. Nc3 Nf6 4. Be2 d5 5. exd5 Nxd5 6. O-O Nxc3 7. bxc3 e4 8.
Nd4 Nxd4 9. cxd4 Be7 10. d3 exd3 11. Bxd3 O-O 12. Rb1 Bf6 13. Ba3 Re8 14. c3 b6
15. Qh5 g6 16. Qf3 Bd7 17. Rbd1 Kg7 18. Be4 Rb8 19. Rfe1 Qc8 20. h3 Qa6 21. Bc1
Ba4 22. Rd2 Bg5 23. Rde2 Bxc1 24. Rxc1 f5 25. Bd3 Bb5 26. c4 Rxe2 27. cxb5 Qa3
28. Rxc7+ Re7 29. Qf4 Rbe8 30. Qe5+ Kh6 31. Qf4+ Kg7 32. Qe5+ Kh6 33. Qf4+ Kg7
34. Qe5+ Kh6 1/2-1/2

[Event "Welsh Chess Championships"]
[Site "Cardiff, Wales"]
[Date "2018.04.02"]
[Round "7.3"]
[White "Rayner, Francis"]
[Black "Sands, David A"]
[Result "1/2-1/2"]
[WhiteElo "2073"]
[BlackElo "2088"]
[PlyCount "43"]
[EventDate "2018.??.??"]
[TimeControl "6000+1030"]
[WhiteClock "0:24:21"]
[BlackClock "0:22:21"]

1. e4 c5 2. Nf3 e6 3. d4 cxd4 4. Nxd4 Nc6 5. Nc3 Qc7 6. g3 a6 7. Bg2 d6 8. O-O
Bd7 9. Nce2 Nf6 10. c4 Be7 11. b3 O-O 12. Bb2 Rac8 13. Rc1 Qb8 14. a4 Rfd8 15.
h3 Nxd4 16. Nxd4 Be8 17. Qe2 Bf8 18. f4 Nd7 19. Kh1 Nc5 20. Qe3 a5 21. Ba1 b6
22. Rb1 1/2-1/2

[Event "Welsh Chess Championships"]
[Site "Cardiff, Wales"]
[Date "2018.04.02"]
[Round "7.4"]
[White "Van Kemenade, Rudy"]
[Black "Heap, Gerry"]
[Result "0-1"]
[WhiteElo "1979"]
[BlackElo "2080"]
[PlyCount "66"]
[EventDate "2018.??.??"]
[TimeControl "6000+755"]
[WhiteClock "1:28:16"]
[BlackClock "0:27:10"]

1. e4 c5 2. Nf3 Nc6 3. Bb5 g6 4. O-O Bg7 5. c3 e5 6. d4 cxd4 7. cxd4 Nxd4 8.
Nxd4 exd4 9. Bf4 a6 10. Bc4 d6 11. Qb3 Qf6 12. Qg3 Be6 13. Nd2 h6 14. Bxd6 b5
15. e5 Qf5 16. Bd3 Qg5 17. Qf3 Rc8 18. Ne4 Qg4 19. Qxg4 Bxg4 20. f4 Bf5 21.
Rac1 Ne7 22. Bc5 Bxe4 23. Bxe4 Kd7 24. Rfd1 Nc6 25. Bxd4 Nxd4 26. Rxd4+ Ke7 27.
Rxc8 Rxc8 28. Rd6 Rc4 29. Bd5 Rd4 30. b3 Rxf4 31. Rxa6 Bxe5 32. Ra7+ Kd6 33.
Rxf7 Kxd5 0-1

[Event "Welsh Chess Championships"]
[Site "Cardiff, Wales"]
[Date "2018.04.02"]
[Round "7.5"]
[White "Heaven, Pete"]
[Black "Kett, Tim"]
[Result "1/2-1/2"]
[WhiteElo "2022"]
[BlackElo "2231"]
[PlyCount "40"]
[EventDate "2018.??.??"]
[TimeControl "6000+1380"]
[WhiteClock "0:46:29"]
[BlackClock "0:25:14"]

1. e4 e5 2. Nf3 Nc6 3. Bb5 g6 4. O-O Bg7 5. c3 Nge7 6. d4 exd4 7. cxd4 d5 8.
exd5 Nxd5 9. Bg5 Qd6 10. Re1+ Be6 11. Nc3 Nxc3 12. bxc3 O-O 13. Qd2 a6 14. Bxc6
Qxc6 15. Bh6 Rad8 16. Bxg7 Kxg7 17. Ne5 Qd6 18. Re4 c5 19. Rh4 h5 20. Rxh5 gxh5
1/2-1/2

[Event "Welsh Chess Championships"]
[Site "Cardiff, Wales"]
[Date "2018.04.02"]
[Round "7.7"]
[White "Musson, Adam J"]
[Black "Fathallah, Joe"]
[Result "1-0"]
[WhiteElo "2050"]
[BlackElo "1977"]
[PlyCount "115"]
[EventDate "2018.??.??"]
[TimeControl "6000+500"]
[WhiteClock "0:36:30"]
[BlackClock "0:11:20"]

1. d4 e6 2. Nf3 d5 3. c4 c6 4. Nc3 f5 5. g3 Nf6 6. Bg2 Bd6 7. O-O O-O 8. b3
Nbd7 9. a4 Ne4 10. Qc2 Qe7 11. Bf4 Bxf4 12. gxf4 Ndf6 13. Ne5 Nh5 14. e3 Rf6
15. Ne2 Rh6 16. f3 Nd6 17. c5 Nf7 18. Qd2 Bd7 19. Nxd7 Qxd7 20. Ng3 Nxg3 21.
hxg3 g5 22. Kf2 Rh2 23. Rh1 Rxh1 24. Rxh1 gxf4 25. exf4 b6 26. Rc1 Nd8 27. Qe3
Qg7 28. cxb6 axb6 29. Bh3 Qf6 30. Qc3 Ra7 31. Qd2 h5 32. Rg1 Rg7 33. b4 h4 34.
g4 fxg4 35. fxg4 Nb7 36. g5 Qg6 37. Qe2 Nd8 38. a5 bxa5 39. bxa5 Ra7 40. a6 Qf7
41. Kf3 Qg6 42. Re1 Kf7 43. Bf1 Qh5+ 44. Kf2 Qxe2+ 45. Bxe2 e5 46. fxe5 Kg6 47.
Bd3+ Kxg5 48. e6 Nxe6 49. Rxe6 Rc7 50. Re8 Kf4 51. Rh8 Kg4 52. Rh7 Rc8 53. Be2+
Kh3 54. a7 Rf8+ 55. Bf3 Ra8 56. Rb7 Kh2 57. Rb1 Rxa7 58. Rh1# 1-0

[Event "Welsh Chess Championships"]
[Site "Cardiff, Wales"]
[Date "2018.04.02"]
[Round "7.8"]
[White "Bennett, Patrick"]
[Black "Hughes, Anthony"]
[Result "1/2-1/2"]
[WhiteElo "2014"]
[BlackElo "1925"]
[PlyCount "33"]
[EventDate "2018.??.??"]
[TimeControl "6000+1245"]
[WhiteClock "0:49:51"]
[BlackClock "0:45:07"]

1. d4 d5 2. Bf4 Nf6 3. e3 Bf5 4. c4 Bxb1 5. Qxb1 e6 6. Bd3 Bb4+ 7. Kf1 Bd6 8.
Bxd6 Qxd6 9. Nf3 Nbd7 10. g3 O-O 11. c5 Qe7 12. Kg2 e5 13. Bf5 e4 14. Nd2 g6
15. Bxd7 Qxd7 16. a4 Nh5 17. Rc1 1/2-1/2

[Event "Welsh Chess Championships"]
[Site "Cardiff, Wales"]
[Date "2018.04.02"]
[Round "7.9"]
[White "Sivarajasingam, Venetia"]
[Black "Davis, Lee"]
[Result "1/2-1/2"]
[WhiteElo "1764"]
[BlackElo "1954"]
[PlyCount "24"]
[EventDate "2018.??.??"]
[TimeControl "6000+45"]
[WhiteClock "1:32:24"]
[BlackClock "1:35:31"]

1. e4 g6 2. d4 d6 3. Nc3 Bg7 4. f4 Nf6 5. Nf3 c5 6. Bb5+ Bd7 7. e5 Ng4 8. e6
fxe6 9. Ng5 Bxb5 10. Nxe6 Bxd4 11. Nxd8 Bf2+ 12. Kd2 Be3+ 1/2-1/2

[Event "Welsh Chess Championships"]
[Site "Cardiff, Wales"]
[Date "2018.04.02"]
[Round "7.10"]
[White "Camp, Imogen A L"]
[Black "Smith, Lynda"]
[Result "1/2-1/2"]
[WhiteElo "1822"]
[BlackElo "1855"]
[PlyCount "34"]
[EventDate "2018.??.??"]
[TimeControl "6000+440"]
[WhiteClock "1:02:22"]
[BlackClock "1:05:15"]

1. d4 f5 2. h3 Nf6 3. Nf3 d6 4. Bf4 g6 5. e3 Bg7 6. c4 c6 7. Nc3 O-O 8. Be2 Qe8
9. Qc2 Na6 10. a3 h6 11. b4 Nh5 12. Bh2 e5 13. O-O-O Nc7 14. Rhg1 exd4 15. Nxd4
Be5 16. Bxe5 dxe5 17. Nb3 Nf6 1/2-1/2

[Event "Welsh Chess Championships"]
[Site "Cardiff, Wales"]
[Date "2018.04.02"]
[Round "7.11"]
[White "Turner, Joseph David"]
[Black "Van Kemenade, Julie"]
[Result "1/2-1/2"]
[WhiteElo "1884"]
[BlackElo "1701"]
[PlyCount "32"]
[EventDate "2018.??.??"]
[TimeControl "6000+520"]
[WhiteClock "0:48:54"]
[BlackClock "1:20:23"]

1. e4 d6 2. d4 Nf6 3. Nc3 c6 4. h3 Qc7 5. Be3 e5 6. Nge2 Nbd7 7. g4 h6 8. Bg2
Be7 9. Qd2 g5 10. d5 c5 11. Ng3 Nf8 12. Nf5 Bxf5 13. exf5 a6 14. a4 N8d7 15. f3
Nb6 16. b3 O-O-O 1/2-1/2